[Event "Ruhrgebiet Bezirksliga 17/18"]
[Site "Ruhrgebiet"]
[Date "2017.11.19"]
[Round "4.8"]
[White "Reinert, Holger"]
[Black "Bernstein, Jan"]
[Result "1-0"]
[WhiteElo "1589"]
[BlackElo "1421"]
[PlyCount "80"]
[EventDate "2017.09.03"]
[EventType "team-tourn"]
[EventRounds "9"]
[EventCountry "GER"]
[SourceTitle "EXT 2022"]
[Source "ChessBase"]
[SourceDate "2021.10.06"]
[SourceVersion "1"]
[SourceVersionDate "2021.10.06"]
[SourceQuality "1"]
[WhiteTeam "Boenen SV II"]
[BlackTeam "Kamen SV III"]
[WhiteTeamCountry "GER"]
[BlackTeamCountry "GER"]

1. e4 d5 2. exd5 Qxd5 3. Nc3 Qa5 4. d4 Bf5 5. Bd2 c6 6. Bc4 Qc7 7. Nf3 Nd7 8. 0-0 Ngf6 9. Re1 e6 10. Nh4 Bg4 11. Be2 Bxe2 12. Qxe2 Be7 13. Nf5 Nf8 14. Nxg7+ Kd8 15. Qe5 Qxe5 16. dxe5 Nd5 17. Ne4 Rg8 18. Nh5 Nd7 19. Neg3 Nb4 20. Bxb4 Bxb4 21. c3 Be7 22. Rad1 Kc7 23. Nf4 Rad8 24. Nd3 Nb6 25. Ne4 Nd5 26. g3 b5 27. Kf1 Kb6 28. b4 Ra8 29. Ndc5 Rgd8 30. Rd3 a5 31. a3 Ra7 32. Rf3 Rf8 33. Nd6 Bg5 34. Nxe6 Rg8 35. Nxg5 Rxg5 36. Nxf7 Rg8 37. e6 Re7 38. h4 axb4 39. cxb4 Rge8 40. Nd6 Rxe6 1-0

[Event "Ruhrgebiet VK3 0708"]
[Site "Germany"]
[Date "2008.02.17"]
[Round "6.8"]
[White "Reinert, Holger"]
[Black "Seemann, Mathis"]
[Result "0-1"]
[WhiteElo "1653"]
[BlackElo "1864"]
[PlyCount "60"]
[EventDate "2007.09.16"]
[EventType "team"]
[EventRounds "9"]
[EventCountry "GER"]
[SourceTitle "EXT 2009"]
[Source "ChessBase"]
[SourceDate "2008.11.26"]
[SourceVersion "1"]
[SourceVersionDate "2008.11.26"]
[SourceQuality "1"]
[WhiteTeam "Boenen SV"]
[BlackTeam "Bochum Uni"]
[WhiteTeamCountry "GER"]
[BlackTeamCountry "GER"]

1. c4 c5 2. Nc3 Nc6 3. g3 g6 4. Bg2 Bg7 5. d3 d6 6. e4 e5 7. Nge2 Nge7 8. Be3 0-0 9. Qd2 Nd4 10. h4 Bg4 11. Bxd4 cxd4 12. Nd5 Nxd5 13. cxd5 Qb6 14. f3 Bd7 15. h5 Rac8 16. Kf2 f5 17. hxg6 fxe4 18. Qg5 e3+ 19. Kg1 Qxb2 20. gxh7+ Kh8 21. Re1 Qd2 22. Kf1 Qxd3 23. Qe7 Bb5 24. Rh5 Qxe2+ 25. Kg1 Qxe1+ 26. Kh2 Qb1 27. Qxd6 e2 28. f4 e1Q 29. fxe5 Qxe5 30. Rxe5 Qxh7+ 0-1

[Event "Ruhrgebiet VK3 0708"]
[Site "Germany"]
[Date "2007.11.18"]
[Round "3.8"]
[White "Bagriacik, Aydogan"]
[Black "Reinert, Holger"]
[Result "0-1"]
[WhiteElo "1323"]
[BlackElo "1622"]
[PlyCount "120"]
[EventDate "2007.09.16"]
[EventType "team"]
[EventRounds "9"]
[EventCountry "GER"]
[SourceTitle "EXT 2009"]
[Source "ChessBase"]
[SourceDate "2008.11.26"]
[SourceVersion "1"]
[SourceVersionDate "2008.11.26"]
[SourceQuality "1"]
[WhiteTeam "Bergh Wambel"]
[BlackTeam "Boenen SV"]
[WhiteTeamCountry "GER"]
[BlackTeamCountry "GER"]

1. e4 c5 2. Nf3 d6 3. Nc3 Nc6 4. Be2 Nf6 5. d3 g6 6. a3 Bg7 7. 0-0 0-0 8. Be3 Ng4 9. Bd2 Bd7 10. Rb1 Rc8 11. Qc1 Nd4 12. Nxd4 cxd4 13. Nd5 Re8 14. Bxg4 Bxg4 15. f3 Bd7 16. Nf4 e5 17. Ne2 Bb5 18. Qd1 Qb6 19. Kh1 Ba4 20. b3 Bd7 21. c4 dxc3 22. Nxc3 Qd4 23. Ne2 Qxd3 24. Bb4 Bb5 25. Re1 Rc2 26. Qxd3 Bxd3 27. Nc3 Rxc3 28. Bxc3 Bxb1 29. Rxb1 Rc8 30. Bb4 Rc6 31. h3 b6 32. a4 Kf8 33. Kh2 Ke7 34. Rd1 a5 35. Ba3 Ke6 36. Rd3 Bh6 37. h4 f5 38. g4 Bf4+ 39. Kh1 fxe4 40. fxe4 Bc1 41. Bxc1 Rxc1+ 42. Kg2 Re1 43. Kf3 Rf1+ 44. Kg3 Rf4 45. Re3 d5 46. exd5+ Kxd5 47. Rc3 Rb4 48. g5 Kd4 49. Rc7 Rxb3+ 50. Kg4 Rb4 51. Rxh7 Kd3+ 52. Kg3 e4 53. h5 e3 54. Kf3 gxh5 55. g6 Rg4 56. Rd7+ Kc3 57. Rd6 e2 58. Kxe2 h4 59. Rxb6 h3 60. Kf3 Rg1 0-1